000 00770nam a22002417a 4500
005 20130610115304.0
010 _aENG-107275
020 _a9781259064883
_c295.00
020 _a1259064883
_c295.00
035 _aEN-90808
037 _bDBAD/PUB
082 _a537
100 _aMoore, Thomas A.
245 _aSix ideas that shaped physics :
_cby Thomas A.Moore
_bunit E: electric and magnetic fields are unified /
246 _a Electric and magnetic fields are unified
250 _a2nd ed
260 _aNew Delhi
_bTata McGraw Hill
_c2013
270 _aP-24 Green Park Extension
_bNew Delhi
_e110016
300 _axxiI,359p.:
_c28cm(pbk)
_bill.
500 _aIncludes index
650 _aElectromagnetic fields.
942 _2ddc
_cEN
_h537
_mMOO
999 _c75887
_d75887